000 00958 a2200241 4500
005 20260318095812.0
008 260318b |||||||| |||| 00| 0 eng d
020 _a8126311479 (hbk)
037 _cTB
040 _aCRL
_cCRL
041 _2hin
_ahin
084 _aO152,3N72x P6
_qCRL
100 _aमांदले, पराग कुमार
_9860586
245 _aराजा, कोयल और तन्दूर
250 _aसंस्करण 2
260 _aदिल्ली, भारत:
_bभारतीय ज्ञानपीठ,
_c2006.
300 _a142पृ.
365 _b90.00
_cINR
650 _aहिन्दी कहानी
650 _aहिन्दी साहित्य
942 _cTB
_2CC
_eसंस्करण 2
_hO152,3N72x P6
999 _c1466664
_d1466664